Central Library OPAC University of Rajshahi

The Training of personnel for industry / (Record no. 16110)

MARC details
000 -LEADER
fixed length control field 00810nam a22002412 4500
001 - CONTROL NUMBER
control field 16110
003 - CONTROL NUMBER IDENTIFIER
rucl marc code BD-RjUL
005 - DATE AND TIME OF LATEST TRANSACTION
control field 20211208235944.0
008 - FIXED-LENGTH DATA ELEMENTS--GENERAL INFORMATION
fixed length control field 140211s1983 ru c 000 0 eng d
035 ## - SYSTEM CONTROL NUMBER
System control number (BD-RjUL)16165
-- OCLC ocm11000092 from D970304M
040 ## - CATALOGING SOURCE
Original cataloging agency EUE
Transcribing agency EUE
Modifying agency BD-RjUL
Language of cataloging eng
041 1# - LANGUAGE CODE
Language code of text/sound track or separate title eng
Language code of original rus
082 04 - DEWEY DECIMAL CLASSIFICATION NUMBER
Classification number 331.340947
Author mark and year VOT 1983
100 1# - MAIN ENTRY--PERSONAL NAME
Personal name Volkov, Mai
Fuller form of name (Maĭ I͡Akovlevich)
9 (RLIN) 49868
245 14 - TITLE STATEMENT
Title The Training of personnel for industry /
Statement of responsibility, etc. Mai Volkov
260 ## - PUBLICATION, DISTRIBUTION, ETC. (IMPRINT)
Place of publication, distribution, etc. Moscow :
Name of publisher, distributor, etc. Novosti Press Agency Publishing House,
Date of publication, distribution, etc. c1983.
300 ## - PHYSICAL DESCRIPTION
Pagination 74 p. :
Illustrations ill. ;
Size 17 cm.
490 1# - SERIES STATEMENT
Series statement Soviet experience
500 ## - GENERAL NOTE
General note Kak v SSSR sozdavalisʹ kadry spetsialistov.
650 #0 - SUBJECT ADDED ENTRY--TOPICAL TERM
Topical term or geographic name as entry element Youth
General subdivision Employment
Geographic subdivision Soviet Union.
9 (RLIN) 49869
Topical term or geographic name as entry element Youth
General subdivision Training of
Geographic subdivision Soviet Union.
9 (RLIN) 49870
942 ## - ADDED ENTRY ELEMENTS (KOHA)
Source of classification or shelving scheme Dewey Decimal Classification
Koha item type Books
Holdings
Lost status Source of classification or shelving scheme Damaged status Not for loan Collection code Permanent Location Current Location Shelving location Date acquired Source of acquisition Total Checkouts Full call number Date last seen Copy number Koha item type
  Dewey Decimal Classification   Not For Loan Non-fiction Central Library, University of Rajshahi Central Library, University of Rajshahi Reading Room 23/03/1986 U.S.A.   331.340947 VOT 1983 11/02/2014 C-1 Books